000 01094nam a22002537a 4500
005 20170124103120.0
010 _aA-847859
020 _c80.00
035 _aA-847859
037 _bCen Lib/Ret
040 _aDPL
_bHN
082 _a333.79323
_bशर्माश्या
100 _aशर्मा, श्यामसुन्दर
_9130
245 _aसागर से ऊर्जा /
_cश्यामसुन्दर शर्मा
246 _aSagar se oorja /
_bby Shyamsundar Sharma
260 _aदिल्ली
_bशिलालेख
270 _a4/32, सुभाष गली, विश्वास नगर, शाहदरा
_bदिल्ली
_e110032
300 _a80पृ. :
_c20सेमी(सजिल्द)
_bसचित्र
650 _aऊर्जा -- भारत में प्रयोग
_981840
650 _aबिजली -- लहरों से
_981841
650 _aEnergy - use in India
_981842
650 _aPower - waves
_981843
942 _2ddc
_cHN
_h333.79323
_mशर्माश्या
999 _c118771
_d118771